K pojmu leasing a jeho funkci.
Pojem leasing v obchodno-finančnej praxi znamená prenájom, zovšeobecnený výraz, ktorý treba bližšie špecifikovať. Dve základné leasingové zmluvy: finančný leasing (dlhodobý prenájom) a operatívny leasing (krátkodobý prenájom). Druhy leasingov vo vyspelých krajinách. Výhody pre poskytovateľa a použív...
Salvato in:
| Autore principale: | |
|---|---|
| Natura: | Capitolo di libro |
| Lingua: | ceco |
| Soggetti: | |
| Tags: |
Nessun Tag, puoi essere il primo ad aggiungerne!!
|
MARC
| LEADER | 00000naa a2200000 4500 | ||
|---|---|---|---|
| 001 | r012631 | ||
| 005 | 20220826093722.6 | ||
| 041 | 0 | |a cze | |
| 044 | |a CZ | ||
| 245 | 1 | 0 | |a K pojmu leasing a jeho funkci. |c K. Marek |
| 520 | |a Pojem leasing v obchodno-finančnej praxi znamená prenájom, zovšeobecnený výraz, ktorý treba bližšie špecifikovať. Dve základné leasingové zmluvy: finančný leasing (dlhodobý prenájom) a operatívny leasing (krátkodobý prenájom). Druhy leasingov vo vyspelých krajinách. Výhody pre poskytovateľa a používateľa leasingu. | ||
| 610 | 2 | 0 | |a lízing |
| 610 | 2 | 0 | |a zmluvy |
| 610 | 2 | 0 | |a prenájom |
| 610 | 2 | 0 | |a lízing finančný |
| 610 | 2 | 0 | |a lízing operatívny |
| 100 | 1 | |a Marek, K. | |